000 01194nmm a2200349 a 4500
003 AR-BaBNM
005 20251128205320.0
008 227019s1993 ||||||||||||||000 | spa||
020 _a950-00-0017-2
040 _cAR-BaBNM
110 1 _aArgentina
_bMinisterio de Cultura y Educación
245 1 0 _aGente de la tierra
_bel aporte indígena a la identidad nacional
260 _aBuenos Aires
_bSecretaría de Cultura de la Nación
_c1993
300 0 _a80 p.
_bil.
500 0 _aLa presente obra se realizó con motivo de la exposición "Gente de la tierra" llevada a cabo durante el mes de octubre de 1993 en la Biblioteca Nacional
650 4 _aHISTORIA ARGENTINA
650 4 _aSOCIOLOGIA CULTURAL
650 4 _aCONQUISTA DE AMERICA
650 4 _aANTROPOLOGIA CULTURAL Y SOCIAL
650 4 _aABORIGENES ARGENTINOS
650 4 _aABORIGENES SUDAMERICANOS
650 4 _aETNOLOGIA
650 4 _aGRUPOS ETNICOS
650 4 _aPOBLACIONES ABORIGENES
650 4 _aHISTORIA CULTURAL
650 4 _aCULTURAS SUDAMERICANAS
650 4 _aIDENTIDAD NACIONAL
651 4 _aArgentina
700 1 _aCastiñeira de Dios, José María
_eprologuista
942 _cBK
998 _cMARTIN
999 _c10888
_d10888